书目信息 |
| 题名: |
侵犯知识产权罪
|
|
| 作者: | 党建军 主编 | |
| 分册: | ||
| 出版信息: | 北京 中国人民公安大学出版社 1999.09 |
|
| 页数: | 346页 | |
| 开本: | 32开 | |
| 丛书名: | ||
| 单 册: | ||
| 中图分类: | D924.399 | |
| 科图分类: | ||
| 主题词: | 法律--中国 | |
| 电子资源: | ||
| ISBN: | 7-81059-359-5 | |
| 000 | 00539nam0 2200181 45 | |
| 001 | 0009302048 | |
| 005 | 20141104150006.26 | |
| 010 | @a7-81059-359-5@d20.00元 | |
| 100 | @a20000930d1999 km y0chiy0120 ea | |
| 101 | 0 | @achi |
| 200 | 1 | @a侵犯知识产权罪@AQin Fan Zhi Shi Chan Quan Zui@f党建军主编@FDang Jian Jun Zhu Bian |
| 210 | @a北京@c中国人民公安大学出版社@d1999.09 | |
| 215 | @a346页@d32开 | |
| 606 | 0 | @a法律@x中国 |
| 690 | @aD924.399@v3 | |
| 701 | 0 | @a党建军@4主编 |
| 801 | @aCN@bPftUser@c20000930 | |
| 905 | @b165285-287@dD924.399@eD347@f3 | |
| 侵犯知识产权罪/党建军主编.-北京:中国人民公安大学出版社,1999.09 |
| 346页;32开 |
| ISBN 7-81059-359-5:20.00元 |
| ● |
| 相关链接 |
|
|
|
正题名:侵犯知识产权罪
索取号:D924.399/D347
 
预约/预借
| 序号 | 登录号 | 条形码 | 馆藏地/架位号 | 状态 | 备注 |
| 1 | 165285 | 201652853 | 社科库509/509社科库 99排2列1层/ [索取号:D924.399/D347] | 在馆 | |
| 2 | 165286 | 201652862 | 社科库509/ [索取号:D924.399/D347] | 在馆 | |
| 3 | 165287 | 201652871 | 社科库509/509社科库 99排2列1层/ [索取号:D924.399/D347] | 在馆 | |
| 4 | 494811 | 204948110 | 社科库509/509社科库 99排2列1层/ [索取号:D924.399/D347] | 在馆 |